000 00839nam a2200289Ia 4500
001 dia_898
003 CHAP
005 20230116135611.0
008 220117s1983 xx 000 0 und d
010 _a171446
020 _a84-7003-263-1
040 _cCHAP
082 _a338.17 g3
100 _aGarcía López, Emilio
_946210
245 _aConservación de la Producción Agricola /
_c por Emilio García López
260 _aEspaña :
_b Aedos,
_c1983
300 _a188 p.
503 _aC/e
650 _a1.Productos Agrícolas
_xconservación
_9149474
650 _aPapa
_xalmacenamiento
_985167
650 _aProductos agricolas
_xalmacenamiento
_991897
650 _aSilos
_9105965
901 _a338.17 G3
902 _aM
905 _a0000001983 sp A 0000000000spa00
942 _cLIBRO
_2ddc
999 _c171446
_d171446